Del rey abajo, ninguno - Entre bobos anda el juego

Збережено в:
Бібліографічні деталі
Автор: Rojas, Francisco de
Формат: Книга
Мова:Undetermined
Опубліковано: Madrid, España Espasa-Calpe 1967
Редагування:5
Предмети:
Теги: Додати тег
Немає тегів, Будьте першим, хто поставить тег для цього запису!

MARC

LEADER 00000nam a2200000Ia 4500
008 170316s9999 xx 000 0 und d
999 |c 10348  |d 10348 
040 |a cru BVZT 
090 |a 862 R-14d 
100 |a Rojas, Francisco de 
130 |a Clásicos castellanos  |p 35 
245 |a Del rey abajo, ninguno - Entre bobos anda el juego 
250 |a 5 
260 |a Madrid, España 
260 |b Espasa-Calpe 
260 |c 1967 
300 |a 219 páginas 
650 |a LITERATURA ESPAÑOLA  |9 23 
942 |c 15 D  |h 862 R-14d  |2 z